[Event "IX Weekend B"]
[Site "Porto Sant'Elpidio ITA"]
[Date "2006.11.26"]
[Round "5"]
[White "Santarelli, Enrico"]
[Black "Macellari, Giordano"]
[Result "1-0"]
[WhiteElo "1731"]
[BlackElo "1398"]
[PlyCount "75"]
[EventDate "2006.11.18"]

1. d4 Nf6 2. c4 e5 3. dxe5 Ng4 4. Nf3 Nc6 5. Qd5 Nb4 6. Qd1 Bc5 7. e3 Qe7 8. a3
Nc6 9. b4 Ncxe5 10. bxc5 Nxf3+ 11. Qxf3 Qe5 12. Ra2 O-O 13. Qd5 Qe7 14. Rd2 b6
15. cxb6 axb6 16. Bb2 Ra5 17. Qd3 d6 18. Nc3 Ne5 19. Qe2 c6 20. f3 Re8 21. Qf2
Be6 22. Qg3 Bxc4 23. Bxc4 Nxc4 24. Nd5 Qf8 25. Nf6+ Kh8 26. Nxe8 Nxb2 27. Nxd6
Rxa3 28. O-O Na4 29. Rfd1 Nc5 30. Nxf7+ Qxf7 31. Qb8+ Qg8 32. Rd8 h6 33. Rxg8+
Kh7 34. Rh8+ Kg6 35. Rd6+ Kf5 36. Rf8+ Ke5 37. Rd3+ Ke6 38. Qe8# 1-0

[Event "IX Weekend B"]
[Site "Porto Sant'Elpidio ITA"]
[Date "2006.11.26"]
[Round "6"]
[White "Agostini, Renzo"]
[Black "Cellini, Francesco"]
[Result "0-1"]
[WhiteElo "1413"]
[BlackElo "1527"]
[PlyCount "64"]
[EventDate "2006.11.18"]

1. e4 c6 2. Nf3 g6 3. Bc4 b5 4. Bb3 Bg7 5. d4 e6 6. O-O Nf6 7. Bg5 h6 8. Bh4 g5
9. Bg3 Nxe4 10. Nbd2 Nxg3 11. fxg3 Qb6 12. c3 c5 13. dxc5 Qxc5+ 14. Kh1 d5 15.
Rc1 Nc6 16. Qe2 a6 17. Rf2 O-O 18. Rcf1 a5 19. Bc2 Ba6 20. Nb3 Qe7 21. Re1 a4
22. Nc1 b4 23. Qd2 bxc3 24. bxc3 Bb5 25. Bb1 Qc5 26. Qc2 f5 27. Re3 Qxe3 28. g4
Qxc3 29. Qd1 fxg4 30. Ne2 Bxe2 31. Rxe2 gxf3 32. Rxe6 f2 0-1

[Event "IX Weekend B"]
[Site "Porto Sant'Elpidio ITA"]
[Date "2006.11.26"]
[Round "6"]
[White "Areni, Matteo"]
[Black "Ripa', Daniele"]
[Result "0-1"]
[WhiteElo "1434"]
[BlackElo "1587"]
[PlyCount "104"]
[EventDate "2006.11.18"]

1. e4 c5 2. Nc3 Nc6 3. f4 e6 4. d3 a6 5. Nf3 Nge7 6. Be2 Ng6 7. O-O Be7 8. Bd2
b5 9. a3 Bb7 10. Rb1 Rc8 11. Na2 Qc7 12. f5 Nge5 13. fxe6 dxe6 14. Nxe5 Nxe5
15. Bf4 Bf6 16. c3 O-O 17. d4 cxd4 18. cxd4 Qb6 19. Nc3 Rfd8 20. Be3 Nc4 21.
Bf2 Bxd4 22. Qe1 Nd2 23. Bxd4 Qxd4+ 24. Rf2 Nxb1 25. Qxb1 Qe3 26. Kf1 Rd2 27.
Rf3 Qd4 28. Rd3 Rxd3 29. Qxd3 Qf6+ 30. Qf3 Qh6 31. Qh5 Qc1+ 32. Kf2 Qxb2 33.
Nd1 Qxa3 34. Qe5 Qc5+ 35. Qxc5 Rxc5 36. Ne3 Bxe4 37. Bf3 Bxf3 38. gxf3 Kf8 39.
Ke2 Ke7 40. Kd2 Kd7 41. Nc2 Rxc2+ 42. Kxc2 Kc6 43. Kb3 Kc5 44. Kc3 a5 45. h3 a4
46. Kb2 Kc4 47. Ka2 b4 48. h4 f5 49. f4 e5 50. fxe5 Kd5 51. e6 Kxe6 52. Kb2 f4
0-1

[Event "IX Weekend B"]
[Site "Porto Sant'Elpidio ITA"]
[Date "2006.11.26"]
[Round "6"]
[White "Cesarini, Francesco"]
[Black "Perdichizzi, Roberto"]
[Result "1-0"]
[WhiteElo "1413"]
[BlackElo "1464"]
[PlyCount "129"]
[EventDate "2006.11.18"]

1. d4 Nf6 2. c4 g6 3. Nc3 Bg7 4. Bf4 d6 5. Nf3 O-O 6. e3 c6 7. Bd3 Re8 8. h3
Nbd7 9. Bg5 Qc7 10. O-O e5 11. Nd2 Qa5 12. Re1 exd4 13. exd4 Qxg5 14. Nf3 Qa5
15. Re2 Qd8 16. Qe1 Nb6 17. Ne4 Nxe4 18. Rxe4 Bf5 19. Rxe8+ Qxe8 20. Bxf5 gxf5
21. Qc1 h6 22. b3 Qe7 23. Qf4 Qf6 24. Rd1 Nd7 25. Nh4 Re8 26. Nxf5 Nf8 27. Rd3
Ng6 28. Qg4 Qg5 29. Qxg5 hxg5 30. Nxd6 Rb8 31. Nf5 Rd8 32. d5 cxd5 33. cxd5 Nf8
34. d6 Kh7 35. Rg3 Kg6 36. Nxg7 Kxg7 37. Rxg5+ Kf6 38. Rg8 Ke6 39. h4 Kxd6 40.
h5 Ke7 41. h6 Rd1+ 42. Kh2 Rd2 43. Rg7 Rxa2 44. h7 Nxh7 45. Rxh7 Rxf2 46. Rh4
Rb2 47. Rb4 b6 48. Kg3 Rc2 49. Kf3 Rc6 50. Re4+ Re6 51. Rc4 Kd6 52. Ra4 Re7 53.
Kf4 Kc5 54. g4 Rd7 55. Rc4+ Kd5 56. Kf5 Kd6 57. Kf6 Rc7 58. Rxc7 Kxc7 59. Kxf7
a5 60. g5 b5 61. g6 a4 62. bxa4 bxa4 63. g7 a3 64. g8=Q a2 65. Qa8 1-0

[Event "IX Weekend B"]
[Site "Porto Sant'Elpidio ITA"]
[Date "2006.11.26"]
[Round "6"]
[White "Di Blasio, Walter"]
[Black "Menichelli, Alessandro"]
[Result "1/2-1/2"]
[WhiteElo "1700"]
[BlackElo "1571"]
[PlyCount "192"]
[EventDate "2006.11.18"]

1. Nf3 b6 2. g3 Nf6 3. Bg2 Bb7 4. O-O g6 5. d3 Bg7 6. e4 d6 7. Nbd2 O-O 8. c3
Nbd7 9. Re1 Re8 10. h3 Ne5 11. Nxe5 dxe5 12. Nc4 Nd7 13. Be3 c5 14. a4 Qc7 15.
Rc1 Nb8 16. b4 cxb4 17. cxb4 Nc6 18. b5 Nd4 19. Na5 Qd7 20. Nxb7 Rac8 21. Bxd4
Qxd4 22. Rc4 Qd7 23. Na5 bxa5 24. Qb3 e6 25. Rec1 Bf8 26. Qc2 Rxc4 27. Qxc4 Rd8
28. Bf1 Qd4 29. Qxd4 Rxd4 30. Rc4 Rxc4 31. dxc4 Bc5 32. Bd3 Kf8 33. Kf1 Ke7 34.
Ke2 Kd6 35. f3 Bd4 36. f4 Kc5 37. Kf3 Kb4 38. Bc2 Kxc4 39. Kg4 Kc3 40. Bd1 Kd3
41. Kf3 exf4 42. gxf4 Kd2 43. Bb3 Kc3 44. Bd1 Kb4 45. Bc2 Kc5 46. Kg4 Bg7 47.
h4 Kd4 48. f5 Kc3 49. fxe6 fxe6 50. Bd1 Kd3 51. Bf3 Ke3 52. Bh1 Kd4 53. h5
gxh5+ 54. Kxh5 Kc5 55. Bf3 Kd6 56. Be2 Ke5 57. Bc4 Kf6 58. Bd3 e5 59. Bc2 Bf8
60. Bd3 Bc5 61. Kh6 Bd4 62. Kxh7 Kg5 63. Kg7 Kf4 64. Kf6 Ke3 65. Bb1 Kd2 66.
Ke6 Kc3 67. Kd5 Kb4 68. Bd3 Kxa4 69. Kc4 Ka3 70. Bc2 Kb2 71. Ba4 Kc1 72. Kd3
Kb2 73. Kc4 Ka1 74. Bb3 Kb2 75. Ba4 Kc1 76. Bb3 Kd2 77. Ba4 Ke3 78. Bc2 Ke2 79.
Ba4 Kf3 80. Bc2 Kf4 81. Kb3 Kg5 82. Ka4 Bb6 83. Bd3 Kf6 84. Be2 Ke6 85. Bd3 Kd6
86. Bc4 Kc5 87. Bd5 Kd6 88. Ba2 Kc7 89. Bd5 Kd6 90. Ba8 Kc5 91. Bd5 Bc7 92. Bb7
Kb6 93. Bd5 a6 94. bxa6 Kxa6 95. Bc6 Kb6 96. Bd5 Kc5 1/2-1/2

[Event "IX Weekend B"]
[Site "Porto Sant'Elpidio ITA"]
[Date "2006.11.26"]
[Round "6"]
[White "Gjoklaj, Shpetim"]
[Black "Medorini, Massimiliano"]
[Result "0-1"]
[WhiteElo "1482"]
[BlackElo "1695"]
[PlyCount "111"]
[EventDate "2006.11.18"]

1. e4 e6 2. d4 d5 3. e5 c5 4. c3 Nc6 5. Nf3 Bd7 6. Be2 f6 7. Bf4 fxe5 8. Nxe5
cxd4 9. Bd3 Nf6 10. Nxc6 bxc6 11. Bg5 Be7 12. Bxf6 Bxf6 13. Qh5+ Kf8 14. O-O g6
15. Qe2 Kg7 16. c4 dxc4 17. Bxc4 Re8 18. Nd2 e5 19. Ne4 Be6 20. Nc5 Bxc4 21.
Qxc4 Qd5 22. Qxd5 cxd5 23. f3 Rab8 24. Rab1 Bg5 25. Rfe1 Rbc8 26. Nd3 Be3+ 27.
Kf1 Rc2 28. Re2 Rec8 29. Rbe1 Kf6 30. Nb4 Rxe2 31. Kxe2 Ke6 32. Kd3 Rb8 33. a3
a5 34. Nc2 Rxb2 35. Nxe3 Rb3+ 36. Kd2 Rxe3 37. Rxe3 dxe3+ 38. Kxe3 Kd6 39. g3
Kc5 40. Kd3 Kb5 41. f4 exf4 42. gxf4 Ka4 43. h4 Kxa3 44. Kd4 Kb3 45. Kxd5 a4
46. Ke6 a3 47. h5 a2 48. hxg6 hxg6 49. Kf6 a1=Q+ 50. Kxg6 Qd4 51. f5 Qd8 52.
Kf7 Qd7+ 53. Kg6 Qe7 54. f6 Qf8 55. f7 Kc4 56. Kf6 0-1

[Event "IX Weekend B"]
[Site "Porto Sant'Elpidio ITA"]
[Date "2006.11.26"]
[Round "6"]
[White "Morelli, Basilio"]
[Black "Micucci, Alberto"]
[Result "0-1"]
[WhiteElo "1467"]
[BlackElo "1461"]
[PlyCount "146"]
[EventDate "2006.11.18"]

1. d4 Nf6 2. c4 g6 3. Nc3 Bg7 4. e4 d6 5. Bd3 e5 6. Nge2 O-O 7. Bg5 Na6 8. Rc1
h6 9. Bh4 Re8 10. f3 c6 11. O-O g5 12. Bf2 Nh5 13. Re1 Nb4 14. Bb1 Nf4 15. Nxf4
gxf4 16. a3 Na6 17. d5 Qg5 18. Kh1 c5 19. Rg1 Kh8 20. Qe1 Qd8 21. g4 Bf6 22.
Qf1 Kg7 23. h3 Bd7 24. Bc2 Rb8 25. Nb5 Bxb5 26. cxb5 Nc7 27. a4 b6 28. Rg2 Ra8
29. Bd3 Qc8 30. Rh2 Rh8 31. Qg2 Kf8 32. h4 Ke7 33. h5 Bg5 34. Bh4 f6 35. Qc2 a6
36. b4 Bxh4 37. Rxh4 axb5 38. bxc5 bxc5 39. axb5 Rb8 40. Rb1 Rb6 41. Rh2 Qd7
42. Qb3 Rhb8 43. Rhb2 Na8 44. Ra1 Nc7 45. Ra7 Qc8 46. Qa4 R8b7 47. Ra2 Rxa7 48.
Qxa7 Qb7 49. Qxb7 Rxb7 50. Ra5 Rb6 51. Ra7 Kd8 52. Kg2 Kc8 53. Kf2 Kb8 54. Ra5
Kb7 55. Bc4 Kb8 56. Kg2 Na8 57. Kh3 Rb7 58. Kh4 Nb6 59. Bb3 Ra7 60. Rxa7 Kxa7
61. g5 fxg5+ 62. Kg4 c4 63. Bd1 Nd7 64. Be2 c3 65. Bd3 Kb6 66. Kf5 Nc5 67. Bc2
Kxb5 68. Kg6 g4 69. fxg4 f3 70. g5 f2 71. gxh6 f1=Q 72. h7 Qf8 73. Bd1 Nxe4 0-1

[Event "IX Weekend B"]
[Site "Porto Sant'Elpidio ITA"]
[Date "2006.11.26"]
[Round "6"]
[White "Paci, Paolo"]
[Black "Marinucci, Johnny"]
[Result "1-0"]
[WhiteElo "1566"]
[BlackElo "1667"]
[PlyCount "75"]
[EventDate "2006.11.18"]

1. d4 d5 2. Nf3 Bg4 3. Ne5 Bf5 4. Bf4 c6 5. e3 Nf6 6. Be2 Nbd7 7. c3 h6 8. h3
e6 9. O-O Be7 10. Nd2 O-O 11. a3 c5 12. b4 c4 13. Re1 a5 14. Bf3 Ne4 15. Bxe4
Bxe4 16. Nxe4 dxe4 17. Nxc4 axb4 18. axb4 Rc8 19. Qb3 Nf6 20. Nd2 b5 21. Ra5
Qd5 22. Qxd5 exd5 23. Nb1 Ra8 24. Rxb5 Ra1 25. Bc7 Rc8 26. Rb8 Rxb8 27. Bxb8
Nd7 28. Bc7 Ra7 29. Ba5 Nb8 30. Nd2 Nc6 31. Nb3 Nxa5 32. Nxa5 Rc7 33. Nb3 Rxc3
34. Nc5 Ra3 35. Rb1 Ra7 36. b5 Bd6 37. b6 Ra8 38. b7 1-0

[Event "IX Weekend B"]
[Site "Porto Sant'Elpidio ITA"]
[Date "2006.11.26"]
[Round "6"]
[White "Piergentili, Roberto"]
[Black "Brugnoni, Mauro"]
[Result "1/2-1/2"]
[WhiteElo "1721"]
[BlackElo "1589"]
[PlyCount "95"]
[EventDate "2006.11.18"]

1. d4 Nf6 2. c4 e6 3. Nc3 Bb4 4. Qc2 O-O 5. e3 b6 6. Nf3 Bb7 7. Be2 d6 8. O-O
Bxc3 9. Qxc3 Ne4 10. Qc2 f5 11. Ne1 Nd7 12. f3 Nef6 13. Bd2 c5 14. Bc3 Qc7 15.
Nd3 b5 16. Nf4 Rae8 17. cxb5 g5 18. Nd3 Nd5 19. Bd2 c4 20. Nf2 Rc8 21. Rac1
N7b6 22. Nh3 h6 23. e4 Ne7 24. a4 Nd7 25. Qxc4 Qxc4 26. Rxc4 fxe4 27. Rxc8 Rxc8
28. Rc1 Rxc1+ 29. Bxc1 Nf5 30. fxe4 Bxe4 31. Bg4 Bc2 32. d5 Kf7 33. a5 Kf6 34.
dxe6 Kxe6 35. Be3 Nc5 36. b6 axb6 37. axb6 Be4 38. Nf2 Bb7 39. b4 Nd7 40. Ne4
Bxe4 41. Bf2 d5 42. Bd1 d4 43. g4 Ne3 44. Bb3+ Kd6 45. Bg3+ Kc6 46. Ba4+ Kxb6
47. Bxd7 Nd5 48. Bf2 1/2-1/2

[Event "IX Weekend B"]
[Site "Porto Sant'Elpidio ITA"]
[Date "2006.11.26"]
[Round "6"]
[White "Ragnini, Damiano"]
[Black "Procaccini, Luciano"]
[Result "0-1"]
[WhiteElo "1580"]
[BlackElo "1682"]
[PlyCount "64"]
[EventDate "2006.11.18"]

1. e4 e6 2. d4 c5 3. c3 Nf6 4. Bg5 cxd4 5. Bxf6 Qxf6 6. cxd4 Bb4+ 7. Nc3 Nc6 8.
Nf3 O-O 9. Be2 a6 10. O-O b5 11. a4 bxa4 12. Nxa4 Qd8 13. b3 Bb7 14. d5 Ne7 15.
d6 Ng6 16. Qd4 a5 17. Rac1 Rc8 18. Rxc8 Qxc8 19. Bc4 f5 20. Rc1 Qd8 21. Bd3
fxe4 22. Bxe4 Bxe4 23. Qxe4 Bxd6 24. Rd1 Bb4 25. Nd4 Qf6 26. Nf3 d5 27. Qd4 Qf5
28. Nb6 Nf4 29. Kh1 Nxg2 30. Rg1 Qxf3 31. Rxg2 Rf6 32. Nd7 Rg6 0-1

[Event "IX Weekend B"]
[Site "Porto Sant'Elpidio ITA"]
[Date "2006.11.26"]
[Round "6"]
[White "Rinaldi, Raffaele"]
[Black "Marsili, Riccardo"]
[Result "0-1"]
[WhiteElo "1661"]
[BlackElo "1599"]
[PlyCount "76"]
[EventDate "2006.11.18"]

1. e4 d5 2. exd5 Qxd5 3. Nc3 Qa5 4. d4 c6 5. Bc4 Bf5 6. Nf3 Nf6 7. O-O e6 8.
Bf4 Be7 9. Re1 O-O 10. d5 Rd8 11. d6 Bf8 12. h3 Nd5 13. Bxd5 cxd5 14. Nd4 Bg6
15. Ncb5 Nc6 16. Nc7 Rac8 17. Ncxe6 fxe6 18. Nxe6 Rd7 19. Nxf8 Rxf8 20. Bg3 Qc5
21. c3 d4 22. cxd4 Qxd4 23. Qxd4 Nxd4 24. Re7 Rxe7 25. dxe7 Re8 26. Re1 Nf5 27.
Kh2 Rxe7 28. Rc1 Nxg3 29. Kxg3 Be4 30. Rd1 Kf7 31. Rd2 Bc6 32. h4 Re6 33. Kh2
Rg6 34. g3 Re6 35. Kh3 h5 36. Rc2 Re1 37. g4 Rh1+ 38. Kg3 Rg1+ 0-1

[Event "IX Weekend U16"]
[Site "Porto Sant'Elpidio ITA"]
[Date "2006.11.18"]
[Round "1"]
[White "Angeloni, Michele"]
[Black "Illuminati Petrella, Daniele"]
[Result "0-1"]
[WhiteElo "1401"]
[BlackElo "1458"]
[PlyCount "56"]
[EventDate "2006.11.18"]

1. e4 d6 2. d4 Nf6 3. Nc3 g6 4. Nf3 Bg7 5. Bc4 O-O 6. O-O Nbd7 7. Be3 e6 8. e5
dxe5 9. dxe5 Ng4 10. Bg5 Qe8 11. h3 Ngxe5 12. Ne4 Nxc4 13. c3 Nce5 14. Nxe5
Bxe5 15. Bh6 Bg7 16. Bxg7 Kxg7 17. Qd4+ e5 18. Qd2 Qe6 19. Ng5 Qc6 20. Rfe1 b6
21. Re4 Bb7 22. f3 h6 23. Rh4 hxg5 24. Qxg5 Rh8 25. Rxh8 Rxh8 26. Re1 e4 27.
fxe4 Qc5+ 28. Kh1 Qxg5 0-1

[Event "IX Weekend U16"]
[Site "Porto Sant'Elpidio ITA"]
[Date "2006.11.18"]
[Round "1"]
[White "Balzano, Filli"]
[Black "Santanafessa, Mattia"]
[Result "1-0"]
[WhiteElo "1440"]
[BlackElo "1356"]
[PlyCount "69"]
[EventDate "2006.11.18"]

1. e4 e5 2. Nf3 Nc6 3. d4 Nf6 4. dxe5 Nxe4 5. Qe2 Nc5 6. Bf4 Be7 7. Nc3 Nb4 8.
a3 Nc6 9. Nd5 O-O 10. Nxe7+ Qxe7 11. Qe3 Ne6 12. Bg3 h6 13. Bc4 a6 14. O-O b5
15. Ba2 d6 16. exd6 cxd6 17. Rad1 Rd8 18. Bd5 Bd7 19. Qe4 Rac8 20. Rfe1 Re8 21.
Bxc6 Bxc6 22. Qb4 Rcd8 23. Bxd6 Qf6 24. Qc3 Qf5 25. Qxc6 Rc8 26. Qxa6 Qxc2 27.
Qxb5 Red8 28. Rd2 Qc1 29. Rxc1 Rxc1+ 30. Qf1 Rxf1+ 31. Kxf1 Rc8 32. b4 Rc1+ 33.
Ke2 Ra1 34. b5 Rxa3 35. Bxa3 1-0

[Event "IX Weekend U16"]
[Site "Porto Sant'Elpidio ITA"]
[Date "2006.11.18"]
[Round "1"]
[White "Bastarelli, Lorenzo"]
[Black "Ferretti, Francesco Maria"]
[Result "0-1"]
[WhiteElo "1356"]
[BlackElo "1449"]
[PlyCount "52"]
[EventDate "2006.11.18"]

1. e4 e5 2. Nf3 Nc6 3. Nc3 Nf6 4. Bc4 Bc5 5. Ng5 O-O 6. O-O h6 7. Nh3 d6 8. Na4
Nxe4 9. Nxc5 Nxc5 10. Re1 b6 11. Bd5 Bb7 12. b4 Nd7 13. b5 Na5 14. Bxb7 Nxb7
15. Ba3 Re8 16. c4 Nbc5 17. Qc2 g5 18. Bc1 g4 19. Re3 Kh8 20. Ng5 Qxg5 21. d3
Re7 22. Re2 Qg6 23. h4 gxh3 24. f3 Qg3 25. Qd2 h2+ 26. Kf1 h1=Q# 0-1

[Event "IX Weekend U16"]
[Site "Porto Sant'Elpidio ITA"]
[Date "2006.11.18"]
[Round "1"]
[White "Bastarelli, Marco"]
[Black "Zucca, Edoardo"]
[Result "1-0"]
[WhiteElo "1452"]
[BlackElo "1374"]
[PlyCount "41"]
[EventDate "2006.11.18"]

1. e4 e5 2. Nf3 Nc6 3. Bc4 Bc5 4. d3 d6 5. Nc3 h6 6. O-O Nf6 7. h3 a6 8. Bd2 b5
9. Bd5 Nxd5 10. Nxd5 Ne7 11. Nxe7 Qxe7 12. c3 Bb6 13. d4 exd4 14. cxd4 Qxe4 15.
Re1 Bb7 16. Rxe4+ Bxe4 17. Qe2 d5 18. Bb4 a5 19. Qxb5+ Kd8 20. Qc6 Rb8 21. Ne5
1-0

[Event "IX Weekend U16"]
[Site "Porto Sant'Elpidio ITA"]
[Date "2006.11.18"]
[Round "1"]
[White "Binci, Filippo"]
[Black "Tommasi, Fabio"]
[Result "1-0"]
[WhiteElo "1497"]
[BlackElo "1419"]
[PlyCount "105"]
[EventDate "2006.11.18"]

1. c4 e5 2. Nc3 Nf6 3. Nf3 Nc6 4. g3 Bc5 5. Bg2 O-O 6. O-O d6 7. d3 Be6 8. Re1
Re8 9. Bg5 h6 10. Bd2 d5 11. cxd5 Bxd5 12. e4 Be6 13. Qc2 Nb4 14. Qb1 Nxd3 15.
Rf1 Ng4 16. Nd1 Bc4 17. Qc2 Ba6 18. Ne3 Nxe3 19. fxe3 Qd7 20. Rfd1 Qb5 21. a4
Qxb2 22. Qxb2 Nxb2 23. Rdb1 Nc4 24. Re1 Rad8 25. Rac1 Rd3 26. Bf1 Bxe3+ 27. Kg2
Bxd2 28. Bxd3 Bxe1 29. Rxe1 Nb2 30. Bxa6 bxa6 31. Rc1 Rc8 32. Nxe5 Nxa4 33. Nc6
Ra8 34. Ne7+ Kh7 35. Rxc7 g6 36. Nd5 Nb6 37. Rxf7+ Kg8 38. Rf6 Nxd5 39. exd5
Rd8 40. Rxg6+ Kh7 41. Rxa6 Rxd5 42. Rxa7+ Kg6 43. Ra6+ Kg5 44. Ra4 h5 45. h4+
Kh6 46. Rf4 Kg6 47. Rf2 Rf5 48. Rxf5 Kxf5 49. Kf3 Kg6 50. Ke4 Kf6 51. Kf4 Kg6
52. Ke5 Kh6 53. Kf6 1-0

[Event "IX Weekend U16"]
[Site "Porto Sant'Elpidio ITA"]
[Date "2006.11.18"]
[Round "1"]
[White "Binci, Luca"]
[Black "Marconi, Gabriele"]
[Result "1/2-1/2"]
[WhiteElo "1473"]
[BlackElo "1404"]
[PlyCount "20"]
[EventDate "2006.11.18"]

1. d4 Nf6 2. Nf3 d6 3. e3 g6 4. Bd3 Bg7 5. b3 O-O 6. Bb2 Nbd7 7. c4 Re8 8. Nc3
e5 9. dxe5 dxe5 10. Qc2 Nc5 1/2-1/2

[Event "IX Weekend U16"]
[Site "Porto Sant'Elpidio ITA"]
[Date "2006.11.18"]
[Round "1"]
[White "Gasparini, Diletta"]
[Black "Balzano, Aldo"]
[Result "0-1"]
[WhiteElo "1431"]
[BlackElo "1503"]
[PlyCount "96"]
[EventDate "2006.11.18"]

1. e4 c5 2. f4 d6 3. Nf3 g6 4. d4 cxd4 5. Nxd4 Bg7 6. b3 Nc6 7. Bb2 Qb6 8. Bb5
a6 9. Bxc6+ bxc6 10. Bc3 Nf6 11. Nf3 O-O 12. Nbd2 Ng4 13. Qe2 Bxc3 14. Rb1 Ne3
15. Nh4 Nxc2+ 16. Kf1 Ne3+ 17. Ke1 Bg4 18. Nhf3 Bxd2+ 19. Kxd2 Bxf3 20. gxf3
Qd4+ 21. Ke1 Qc3+ 22. Qd2 Ng2+ 23. Kd1 Qxf3+ 24. Kc2 Qxe4+ 25. Kb2 Nxf4 26. Ka3
Ne6 27. Rbd1 Qf5 28. Rc1 Qb5 29. b4 a5 30. Kb3 Nc5+ 31. Kb2 axb4 32. Qc2 Nd3+
33. Kb3 Nxc1+ 34. Rxc1 Qa4+ 35. Kc4 b3+ 36. Kc3 bxc2 37. Rxc2 Qxc2+ 38. Kxc2
Rxa2+ 39. Kb3 Rd2 40. Kc3 Rd5 41. Kc4 Rb8 42. Kc3 Rbb5 43. Kc4 Rbc5+ 44. Kb4
Rd4+ 45. Kb3 Rdc4 46. Kb2 Rb5+ 47. Ka3 Rh4 48. Ka2 Ra4# 0-1

[Event "IX Weekend U16"]
[Site "Porto Sant'Elpidio ITA"]
[Date "2006.11.18"]
[Round "1"]
[White "Giampieri, Stefano"]
[Black "Miandro, Steven"]
[Result "0-1"]
[WhiteElo "1410"]
[BlackElo "1497"]
[PlyCount "56"]
[EventDate "2006.11.18"]

1. e4 c5 2. Nf3 d6 3. b3 Nf6 4. Nc3 g6 5. d4 cxd4 6. Nxd4 Bg7 7. Bb2 O-O 8. Bc4
Nc6 9. Nde2 Ne5 10. Bd5 Nxd5 11. Nxd5 a6 12. Nef4 b5 13. Qd2 Nf3+ 14. gxf3 Bxb2
15. Rb1 Bg7 16. a4 Bh6 17. Ra1 e5 18. axb5 exf4 19. Qd3 Bb7 20. bxa6 Bxd5 21.
exd5 Qb6 22. Kd2 Qxf2+ 23. Kc3 Bg7+ 24. Kb4 Bxa1 25. Rxa1 Qc5+ 26. Ka4 Rfb8 27.
Qc4 Qxc4+ 28. bxc4 Rxa6# 0-1

[Event "IX Weekend U16"]
[Site "Porto Sant'Elpidio ITA"]
[Date "2006.11.18"]
[Round "1"]
[White "Marconi, Luca"]
[Black "Capponi, Alessio"]
[Result "0-1"]
[WhiteElo "1527"]
[BlackElo "1440"]
[PlyCount "98"]
[EventDate "2006.11.18"]

1. d4 d5 2. Nc3 Nf6 3. Nf3 Bf5 4. e3 g6 5. Be2 Bg7 6. O-O O-O 7. h3 Nc6 8. b3
e6 9. Bb2 Qd6 10. Nb5 Qd7 11. Ba3 Rfd8 12. Nc3 Ne4 13. Bb2 Nb4 14. Ne1 e5 15.
Bf3 Nxc3 16. Bxc3 Qd6 17. Qd2 Nc6 18. dxe5 Nxe5 19. Rd1 Nxf3+ 20. Nxf3 Bf8 21.
Qd4 f6 22. Qxf6 Qxf6 23. Bxf6 Rd7 24. c4 c6 25. Rfe1 Bb4 26. Nd2 Bc2 27. cxd5
Bxd1 28. Rxd1 Rxd5 29. Bd4 c5 30. Bxc5 Rxc5 31. Ne4 Rc6 32. Rd7 b6 33. Kh2 Re8
34. f3 Ree6 35. Rd8+ Kg7 36. Rd7+ Re7 37. Rd4 a5 38. Kg3 Bc5 39. Rd3 Ree6 40.
Rd7+ Kh6 41. Rd3 Bd6+ 42. Kg4 Kg7 43. Ng5 h5+ 44. Kh4 Re5 45. Ne4 Be7+ 46. Kg3
h4+ 47. Kg4 Rc2 48. a4 Rxg2+ 49. Kf4 Rf5# 0-1

[Event "IX Weekend U16"]
[Site "Porto Sant'Elpidio ITA"]
[Date "2006.11.19"]
[Round "2"]
[White "Balzano, Aldo"]
[Black "Bastarelli, Marco"]
[Result "1-0"]
[WhiteElo "1503"]
[BlackElo "1452"]
[PlyCount "71"]
[EventDate "2006.11.18"]

1. d4 d5 2. c4 c6 3. Nf3 Bf5 4. Nc3 e6 5. Qb3 b6 6. Bf4 Be7 7. e3 Nd7 8. Be2
Ngf6 9. Nh4 Ne4 10. Nxf5 exf5 11. cxd5 cxd5 12. Nxd5 O-O 13. Bc7 Qe8 14. f3
Nef6 15. Nxe7+ Qxe7 16. Bg3 Rfe8 17. Bf2 f4 18. e4 g6 19. Bh4 Qf8 20. Bb5 Qd6
21. Bxf6 Nxf6 22. Bxe8 Nxe8 23. d5 f5 24. O-O fxe4 25. fxe4 Nf6 26. Rfe1 Re8
27. Qb5 Rxe4 28. Rxe4 Nxe4 29. Qe8+ Kg7 30. Qxe4 Qc5+ 31. Kh1 g5 32. Qe5+ Kh6
33. Qe6+ Kh5 34. d6 Qf2 35. Qf7+ Kh4 36. Qxh7+ 1-0

[Event "IX Weekend U16"]
[Site "Porto Sant'Elpidio ITA"]
[Date "2006.11.19"]
[Round "2"]
[White "Donati, Michele"]
[Black "Binci, Luca"]
[Result "0-1"]
[WhiteElo "1347"]
[BlackElo "1473"]
[PlyCount "162"]
[EventDate "2006.11.18"]

1. c4 Nf6 2. Nc3 g6 3. e4 d6 4. Nf3 Bg7 5. d3 O-O 6. Be2 Nbd7 7. Bg5 c6 8. O-O
Qc7 9. Qd2 e5 10. Bh6 Re8 11. Bxg7 Kxg7 12. Rac1 a6 13. Rfe1 b5 14. cxb5 axb5
15. Nxb5 Qb8 16. Na3 Bb7 17. h3 d5 18. exd5 cxd5 19. d4 e4 20. Nh2 Rc8 21. Rxc8
Qxc8 22. Bg4 h5 23. Rc1 Qd8 24. Be2 Rc8 25. Rxc8 Qxc8 26. Qc2 Qe8 27. Qc7 Bc8
28. Nb5 Ba6 29. Nd6 Qb8 30. Qxb8 Nxb8 31. Bxa6 Nxa6 32. g4 Nd7 33. gxh5 gxh5
34. Ne8+ Kg6 35. a3 Nb6 36. Nd6 f5 37. Nf1 h4 38. Ne3 f4 39. Nc2 Nc7 40. Nb4
Kf6 41. Nc6 Ke6 42. Nb7 Nc4 43. Nc5+ Kd6 44. Na7 Nxb2 45. f3 e3 46. Kf1 Nc4 47.
a4 Na5 48. Nd3 Ne6 49. Ne1 Nxd4 50. Nc8+ Ke6 51. Kg2 Ndc6 52. Nb6 d4 53. Kf1
Kf5 54. Nd3 Ne5 55. Nxe5 Kxe5 56. Ke2 Nb3 57. Nc4+ Kd5 58. a5 Nc5 59. Nb2 d3+
60. Nxd3 Nxd3 61. Kxd3 Kc5 62. Ke2 Kb5 63. Kd3 Kxa5 64. Ke2 Kb4 65. Kd3 Kb3 66.
Ke2 Kc2 67. Ke1 Kc1 68. Ke2 Kc2 69. Ke1 Kd3 70. Kf1 Kd2 71. Kg2 Ke2 72. Kh2
Kxf3 73. Kg1 Ke2 74. Kg2 f3+ 75. Kg1 f2+ 76. Kh2 f1=R 77. Kg2 Rf3 78. Kh2 Rg3
79. Kh1 Rxh3+ 80. Kg1 Kf3 81. Kf1 Rh1# 0-1

[Event "IX Weekend U16"]
[Site "Porto Sant'Elpidio ITA"]
[Date "2006.11.19"]
[Round "2"]
[White "Ferretti, Francesco Maria"]
[Black "Binci, Filippo"]
[Result "0-1"]
[WhiteElo "1449"]
[BlackElo "1497"]
[PlyCount "90"]
[EventDate "2006.11.18"]

1. d4 Nf6 2. c4 g6 3. Nc3 Bg7 4. Nf3 O-O 5. b3 d6 6. e3 Nbd7 7. Bd3 c6 8. O-O
Qc7 9. Ba3 Re8 10. Ne4 b6 11. Rc1 Nxe4 12. Bxe4 Ba6 13. Re1 Nf6 14. Nd2 Nxe4
15. Nxe4 c5 16. dxc5 bxc5 17. Qd2 Bb7 18. Nc3 Qc6 19. f3 a6 20. Qd5 Qxd5 21.
Nxd5 Bxd5 22. cxd5 e6 23. Rcd1 Rad8 24. Re2 h5 25. Bb2 Bxb2 26. Rxb2 exd5 27.
Rxd5 Rxe3 28. Rbd2 Re6 29. Rxc5 Kf8 30. Rc6 d5 31. Rxe6 fxe6 32. Kf2 Kf7 33.
Rc2 Rd6 34. g4 h4 35. g5 e5 36. Re2 Ke6 37. Kg2 Kf5 38. Kh3 Kxg5 39. Rxe5+ Kf4
40. Re8 d4 41. Rc8 d3 42. Rc1 Kxf3 43. Rc3 Ke2 44. Rc4 d2 45. Re4+ Kf3 0-1

[Event "IX Weekend U16"]
[Site "Porto Sant'Elpidio ITA"]
[Date "2006.11.19"]
[Round "2"]
[White "Gasparini, Diletta"]
[Black "Angeloni, Michele"]
[Result "1-0"]
[WhiteElo "1431"]
[BlackElo "1401"]
[PlyCount "22"]
[EventDate "2006.11.18"]

1. e4 e5 2. Nf3 Nc6 3. Bb5 d6 4. Nc3 Nf6 5. d4 Bg4 6. d5 a6 7. Bxc6+ bxc6 8.
dxc6 Bxf3 9. Qxf3 g6 10. Bg5 Bg7 11. Nd5 11... Qb8 {phone default} 1-0

[Event "IX Weekend U16"]
[Site "Porto Sant'Elpidio ITA"]
[Date "2006.11.19"]
[Round "2"]
[White "Illuminati Petrella, Daniele"]
[Black "Capponi, Alessio"]
[Result "1/2-1/2"]
[WhiteElo "1458"]
[BlackElo "1440"]
[PlyCount "30"]
[EventDate "2006.11.18"]

1. e4 e5 2. Nf3 Nc6 3. Nc3 g6 4. Bc4 d6 5. h3 Bg7 6. d3 Nge7 7. Bg5 O-O 8. Nd5
b6 9. Bb5 f6 10. Bc4 Kh8 11. Nxe7 Nxe7 12. Be3 d5 13. exd5 Nxd5 14. Bd2 Nf4 15.
Bxf4 exf4 1/2-1/2

[Event "IX Weekend U16"]
[Site "Porto Sant'Elpidio ITA"]
[Date "2006.11.19"]
[Round "2"]
[White "Marconi, Gabriele"]
[Black "Marconi, Luca"]
[Result "1/2-1/2"]
[WhiteElo "1404"]
[BlackElo "1527"]
[PlyCount "26"]
[EventDate "2006.11.18"]

1. d4 Nf6 2. f3 g6 3. e4 Bg7 4. Nc3 O-O 5. Bf4 d6 6. Nge2 Nbd7 7. g4 e5 8. Bg5
h6 9. Be3 g5 10. h4 gxh4 11. Rxh4 Kh7 12. Qd2 exd4 13. Bxd4 Nxe4 1/2-1/2